000 00864nam a22002057a 4500
999 _c170405
_d170405
005 20191217153957.0
010 _aB-731275
020 _a9789380183084
_c300.00
035 _aB-731275
037 _bडी.बी.ए.डी./ उपहार
082 _a
100 _aनिरूपमा
245 _aनाना-नानी की कहानियां /
_cनिरूपमा
260 _aदिल्ली
_bज्ञान गंगा
_c2018
270 _a205-सी चावड़ी बाजार,
_bदिल्ली
_e110006
300 _a96पृ़.
_b(सचित्र)
_c24 सेमी. (सजिल्द)
700 _aनिरुपमा
_939220
942 _2ddc
_cCH
_h
_mनिरूप